| 000 | 01328cam a2200241 4500 | ||
|---|---|---|---|
| 008 | 031008n2003 000 0 eng u | ||
| 035 | _a(Sirsi) u123879 | ||
| 245 | _aGuidance on London's industrial capacity published for consultation | ||
| 260 | _c2003 | ||
| 490 |
_aGreater London Authority News Release _v399 30 September 2003 (2) |
||
| 520 | _aThe Mayor of London has published draft supplementary planning guidance on the management of industrial land in London. The guidance for boroughs, developers and manufacturers shows how the industrial land in the capital should be managed to ensure there is sufficient land for London's industry. This guidance supplements the policies of the Mayor's draft London Plan. | ||
| 590 | _aWB | ||
| 650 | _aLONDON | ||
| 650 | _aINDUSTRIAL PROPERTY | ||
| 650 | _aINDUSTRIAL LAND | ||
| 650 | _aPLANNING | ||
| 650 | _aSTRATEGIC EMPLOYMENT LOCATIONS | ||
| 650 | _aUNITARY DEVELOPMENT PLANS | ||
| 690 | _aENVIRONMENTAL AND LAND CONSULTANCY-PLANNING AND DEVELOPMENT | ||
| 856 |
_uhttps://www.london.gov.uk/view_press_relsease.jsp?releaseid=1993 _zThe Press Release is avaliable on the GLA website... |
||
| 856 |
_uhttps://www.london.gov.uk/mayor/strategies/sds/spg_industrial_capacity/industrial_capacity.pdf _z A full copy of the report is on the GLA website |
||
| 942 | _n0 | ||
| 999 |
_c73577 _d73577 |
||